00663nam a2200229 a 4500001001300000003000900013005001700022008004100039020001100080082001300091100001600104245003800120260005000158300000900208500003500217650001700252700001600269902000800285942000700293952011600300999001700416nice12345678IN_TiNIC20260116014643.0080305s2008 dela grp 000 0 eng  ac120000a323bBAK aBakshi, S R aCommunal Harmony and Human Rights aDelhi bVista International Pub. House c2008 a471p aincludes index and biblioraphy aHuman Rights1 aBakshi, S R bSRS cBK 001040708StackRoom-aHMIbHMId2008-03-05g1200.00l0o323 BAKp022284r2008-03-05v1200.00w2008-03-05yBK c16376d16376